| 000 | 00423nam a2200169Ia 4500 | ||
|---|---|---|---|
| 005 | 20250115000805.0 | ||
| 008 | 240331s9999 xx 000 0 und d | ||
| 020 | _a817030136X | ||
| 082 |
_bIND _a948 |
||
| 245 | 0 | _aIndia "We Tamils" and Sri Lanka | |
| 260 |
_aNew Delhi _bSri Satguru Publications _c1987 |
||
| 300 | _a224 p ., | ||
| 650 | _aPolitical | ||
| 650 | _aLanguage | ||
| 700 |
_aPiyasena,B.S. _eedt |
||
| 942 | _cL | ||
| 999 |
_c3512 _d3512 |
||